Lectures on lie groups / (Record no. 794)

MARC details
000 -LEADER
fixed length control field 01153cam a2200265 a 4500
001 - CONTROL NUMBER
control field 2615252
005 - DATE AND TIME OF LATEST TRANSACTION
control field 20210414113932.0
008 - FIXED-LENGTH DATA ELEMENTS--GENERAL INFORMATION
fixed length control field 980513s2000 njua b 000 0 eng
010 ## - LIBRARY OF CONGRESS CONTROL NUMBER
LC control number 98022021
020 ## - INTERNATIONAL STANDARD BOOK NUMBER
International Standard Book Number 9810235224
040 ## - CATALOGING SOURCE
Original cataloging agency DLC
Transcribing agency DLC
050 00 - LIBRARY OF CONGRESS CALL NUMBER
Classification number QA387.H77
082 00 - DEWEY DECIMAL CLASSIFICATION NUMBER
Classification number 512/.55
Edition number 21
100 1# - MAIN ENTRY--PERSONAL NAME
Personal name Hsiang, Wu Yi,
Dates associated with a name 1937-
245 10 - TITLE STATEMENT
Title Lectures on lie groups /
Statement of responsibility, etc. Wu-Yi Hsiang.
260 ## - PUBLICATION, DISTRIBUTION, ETC.
Place of publication, distribution, etc. River Edge, NJ :
Name of publisher, distributor, etc. World Scientific,
Date of publication, distribution, etc. c2000.
300 ## - PHYSICAL DESCRIPTION
Extent v, 108 p. :
Other physical details ill. ;
Dimensions 23 cm.
440 #0 - SERIES STATEMENT/ADDED ENTRY--TITLE
Title Series on university mathematics ;
Volume/sequential designation vol. 2
505 ## - FORMATTED CONTENTS NOTE
Formatted contents note Contents: Linear groups and linear representations -- Lie groups and lie algebras -- Orbital geometry of the adjoint action -- Coxeter groups, Weyl reduction and Weyl formulas -- Structural theory of compact lie algebras -- Classification theory of compact lie algebras and compact connected lie groups.
650 #0 - SUBJECT ADDED ENTRY--TOPICAL TERM
Topical term or geographic name entry element Lie groups.
906 ## - LOCAL DATA ELEMENT F, LDF (RLIN)
a 7
b cbc
c orignew
d 1
e ocip
f 19
g y-gencatlg
942 ## - ADDED ENTRY ELEMENTS (KOHA)
Source of classification or shelving scheme Library of Congress Classification
Koha item type Books
Holdings
Withdrawn status Lost status Source of classification or shelving scheme Damaged status Not for loan Home library Current library Shelving location Date acquired Total Checkouts Full call number Barcode Date last seen Copy number Price effective from Koha item type
    Library of Congress Classification     WISCONSIN INTERNATIONAL UNIVERSITY COLLEGE, GHANA - MAIN LIBRARY WISCONSIN INTERNATIONAL UNIVERSITY COLLEGE, GHANA - MAIN LIBRARY Reference 27/04/2012   QA387.H77 1878/12 27/04/2012 1 27/04/2012 Books

If you have any concerns or questions; kindly contact the library


© Powered by WIUC ICT DIRECTORATE